| 000 | 00361nam a2200145Ia 4500 | ||
|---|---|---|---|
| 008 | 230917s9999||||xx |||||||||||||| ||und|| | ||
| 040 |
_e70494 _aMAIN |
||
| 041 | _aEnglish | ||
| 082 | _a338.13 K121M | ||
| 100 | _aKahlon, A S | ||
| 245 | 0 | _aManaging agricultural finance | |
| 260 |
_aNew Delhi _bAllied Publishers _c1984 |
||
| 300 | _axvi, 344 p. | ||
| 942 | _cBK | ||
| 999 |
_c45182 _d45182 |
||